| 000 | 00704nam a22001937a 4500 | ||
|---|---|---|---|
| 005 | 20210804103425.0 | ||
| 008 | 121024t mx||||| |||| 00| 0 spa d | ||
| 050 | 0 | 4 |
_aF1210 _bM67 1964 |
| 100 | 1 |
_aMora, José María Luis _d1794-1850 |
|
| 245 | 1 | 0 |
_aEnsayos, ideas y retratos / _cJosé María, Luis Mora ; Prologo y selección: Arturo Arnaíz y Freg |
| 250 | _a2a ed. | ||
| 260 |
_aMéxico : _bUniversidad Nacional Autonoma de México, _c1964 |
||
| 300 |
_axxxiv, 174 p. ; _c18 cm. |
||
| 440 | 0 |
_aBiblioteca del Estudiante Universitario ; _v25 |
|
| 650 | 4 |
_aProsa mexicana _xSiglo XIX |
|
| 650 | 4 |
_aMéxico _xVida social y costumbres |
|
| 700 | 1 |
_aArnaiz y Freg, Arturo, _qprolog. |
|
| 942 |
_2lcc _cLIB |
||
| 999 |
_c34095 _d34095 |
||